The 25 most speedran games with Exceptions (2017) - Statistics

General Stats
  • This quiz has been taken 7 times
  • The average score is 6 of 25
Answer Stats
Year the game came out Original console(s) Number of runners Game % Correct
2011 WiiU, PS3, X360, PSVita, PS4, XboxOne, PC, Android, iOS, WindowsPhone & Mac 203 Minecraft
83%
2007 PC 533 Portal
67%
2011 PS3, X360 & PC 197 Portal 2
50%
2001 GCN & Dreamcast 465 Sonic Adventure 2: Battle
50%
1998 GCN, Dreamcast, PS3, X360 & PC 186 Sonic Adventure (DX)
50%
1998 N64 & Xbox 234 Banjo-Kazooie
33%
2008 PS3, X360, XboxOne & PC 263 Mirror's Edge
33%
1998 N64, GCN, Dreamcast, PS2, PS, PS3, PSP, PSVita, PC, Wii & PSTV 185 Resident Evil 2
33%
2017 PS4, XboxOne & PC 396 Resident Evil 7: Biohazard
33%
2012 PS3, X360 & PC 213 Counter-Strike: Global Offensive
17%
1999 PS2, PS, PS3, PSP, PSVita & PSTV 191 Crash Team Racing
17%
2009 PS2, PS3, Xbox, PS4, PC, Android, iOS & Mac 174 Grand Theft Auto: Vice City
17%
2009 X360, XboxOne, PC, Mac & Linux 176 Left 4 Dead 2
17%
2015 PC 264 Refunct
17%
2010 WiiU, X360, PSVita, PS4, XboxOne, PC, Mac & Linux 428 Super Meat Boy
17%
2015 PC, Mac & Linux 417 Undertale
17%
2010 3DS, PSVita, PS4 & PC 175 VVVVVV
17%
2013 PC 194 Antichamber
0%
1998 PS2, PS, PS3, PSP, PSVita & PSTV 184 Crash Bandicoot 3: Warped
0%
2014 PS3, X360, PS4 & XboxOne 397 Destiny
0%
1996 SNES 186 Dragon Quest III
0%
2013 PS3 & PS4 208 Kingdom Hearts Final Mix HD
0%
2013 PS3, X360, PS4, XboxOne & PC 280 PAYDAY 2
0%
1999 PS2, PS, PS3, PSP, PSVita & PSTV 197 Spyro 2: Ripto's Rage!
0%
1998 PS2, PS, PS3, PSP, PSVita & PSTV 194 Spyro the Dragon
0%
No matching quizzes found
Score Distribution
Percent of People with Each Score
Percentile by Number Answered
Your Score History
You have not taken this quiz